| 000 | 00000nas 2200000za 4500 |
| 001 | 9.500542 |
| 003 | CaOODSP |
| 005 | 20221107132901 |
| 007 | cr ||||||||||| |
| 008 | 150406c20019999onc|| p o||||f| |0fre|d |
| 022 | |a1700-1323|y1700-1331 |
| 040 | |aCaOODSP|bfre |
| 041 | |afre|aeng |
| 043 | |an-cn--- |
| 086 | 1 |aYC32-PDF |
| 110 | 1 |aCanada. |bParlement. |bSénat. |bComité sénatorial permanent des droits de la personne. |
| 240 | 10|aDélibérations du Comité sénatorial permanent des droits de la personne (En ligne) |
| 245 | 10|aProceedings of the Standing Senate Committee on Human Rights |h[ressource électronique] = |bDélibérations du Comité sénatorial permanent des droits de la personne. |
| 246 | 11|aDélibérations du Comité sénatorial permanent des droits de la personne |
| 260 | |aOttawa :|bSénat du Canada, |c2001- |
| 310 | |aIrrégulier |
| 362 | 1 |a37e législature, 1re session, fascicule n° 1 (1er mai/7 mai, 2001)-- |
| 515 | |aLa numérotation reprend à chaque session au fascicule n° 1. |
| 546 | |aTexte en anglais et en français. |
| 791 | |tProceedings of the Standing Senate Committee on Human Rights |eeng|w(CaOODSP)9.500541 |